Регионална библиотека "Любен Каравелов" - Русе

Дядовата ръкавичка : любими детски приказки (Запис номер 345353)

MARC детайли
000 -Лидер
Лидер 00938nam a2200253 a 4500
003 - Код на организацията, давaща контролен номер
Код на организацията, даваща контролен номер BLK
005 - Дата и час на последна редакция
Дата и час на последна редакция 20240604005408.0
008 - Елементи от данни с фиксирана дължина
Елементи с фиксирана дължина 190919b bu ||||| |||| 00| 0 bu d
020 ## - Международен стандартен номер на книга ISBN
ISBN 9786197378948
020 ## - Международен стандартен номер на книга ISBN
ISBN 9789546604378
040 ## - Източник на каталожния запис
Код на библиотеката BLK
041 ## - Код за език
Език Български
Език за КДБФ Български
080 ## - УДК
УДК текст Българска литература
УДК код 821.163.2
УДК – определител -93-34
УДК – код + определител 821.163.2-93-34
084 ## - Класификационен индекс по друга класификация
Авторски знак Елин Пелин - Е 53
100 ## - Редна дума - Автор
Автор Елин Пелин
Пълна форма на името Стоянов, Димитър Иванов
R(LIN) 363511
245 ## - Сведения за заглавието
Заглавие Дядовата ръкавичка : любими детски приказки
Авторска отговорност по Елин Пелин ; худож. Христо Димитров
260 ## - Област на издателските данни
9 (RLIN) 396421
Място на издаване София
Име на издателя Знание 2012
Година на издаване 2018
300 ## - Физическа характеристика
Брой страници [8] с.
Илюстрации с цв. ил.
Размер 22 х 22 см
380 ## - Жанр
Жанр Детска худож. лит.
700 ## - Други автори (авторска отговорност)
9 (RLIN) 1637
Друг автор Димитров, Христо Димитров
Авт. отговорност на др. автор худож.
942 ## - АРТИКУЛИ
Вид на библиотечния документ Книги
Скрит в OPAC Не
Периодичен библиозапис Да
Koha issues (borrowed), all copies 5
944 ## - СЪЗДАВАНЕ И РЕДАКЦИЯ на ЗАПИСА
Създаване/Редакция Редакция
Дата на регистрацията/редакция 2023
Служител, извършил регистрацията/редакцията
Номер на служител CRON CRON
999 ## - СИСТЕМНИ КОНТРОЛНИ НОМЕРА
Koha biblionumber 345353
Koha biblioitemnumber 345353
999 ## - СИСТЕМНИ КОНТРОЛНИ НОМЕРА
Koha biblioitemnumber 345353
Наличности
Код за отписване Код за изгубен артикул Източник на класификационната схема Код за повреда Коз за рестрикции Код за отдаване Артикулен № Име на библиотеката - собственик Име на библиотеката, в която се намира в момента Статус (Текущо местоположение) Дата на вписване в системата Местоположение - отдел Цена в лева Систематично азбучна сигнатура Баркод Цена в евро Служебен тип на артикула Инвентарен номер
  Не е изгубен Universal Decimal Classification Не е повреден само за читалня ползва се в читалня 746314 Регионална библиотека "Любен Каравелов" Русе Регионална библиотека "Любен Каравелов" Русе Хранилище 2019-09-24 Хранилище 3.49 Цб 296995 120000836572 1.78 Книги  
  Не е изгубен Universal Decimal Classification Не е повреден   заемане за дома 933121 Регионална библиотека "Любен Каравелов" Русе Регионална библиотека "Любен Каравелов" Русе Детски отдел 2023-08-21 Детски отдел 3.00 821.163.2-93/Е 53 120000892338 1.53 Книги 120000892338
Vip Innovations Ltd, Rousse, Bulgaria 2025